[EDAMBA 2013 – medzinárodná vedecká konferencia pre doktorandov a mladých vedeckých pracovníkov]

Informácia o zámeroch a cieľoch medzinárodnej vedeckej konferencie, ktorá sa konala v dňoch 14 novembra 2013 v Bratislave.

Salvato in:
Dettagli Bibliografici
Autore principale: Machová, Martina
Natura: Capitolo di libro
Lingua:slovacco
Soggetti:
Tags: Aggiungi Tag
Nessun Tag, puoi essere il primo ad aggiungerne!!

MARC

LEADER 00000naa a2200000 4500
001 0183260
005 20230918094725.3
041 0 |a slo 
044 |a SK 
245 1 0 |a [EDAMBA 2013 – medzinárodná vedecká konferencia pre doktorandov a mladých vedeckých pracovníkov]  |c Martina Machová 
520 |a Informácia o zámeroch a cieľoch medzinárodnej vedeckej konferencie, ktorá sa konala v dňoch 14 novembra 2013 v Bratislave. 
610 2 0 |a konferencie 
610 2 0 |a veda ekonomická 
610 2 0 |a pracovníci vedeckí 
100 1 |a Machová, Martina